A Paenitentiaria Apostolica dokumentumai "in partibus"

Elmentve itt :
Bibliográfiai részletek
Szerző: Érszegi Géza
Dokumentumtípus: Cikk
Megjelent: Szegedi Tudományegyetem Állam- és Jogtudományi Kar Szeged 2013
Sorozat:Acta Universitatis Szegediensis : acta juridica et politica 75
Kulcsszavak:Egyháztörténet - katolikus
Tárgyszavak:
Online Access:http://acta.bibl.u-szeged.hu/30644
LEADER 00811nab a2200205 i 4500
001 acta30644
005 20231110151144.0
008 161017s2013 hu o 0|| hun d
022 |a 0324-6523 
040 |a SZTE Egyetemi Kiadványok Repozitórium  |b hun 
041 |a hun 
100 1 |a Érszegi Géza 
245 1 2 |a A Paenitentiaria Apostolica dokumentumai "in partibus"  |h [elektronikus dokumentum] /  |c  Érszegi Géza 
260 |a Szegedi Tudományegyetem Állam- és Jogtudományi Kar  |b Szeged  |c 2013 
300 |a 199-221 
490 0 |a Acta Universitatis Szegediensis : acta juridica et politica  |v 75 
650 4 |a Bölcsészettudományok 
650 4 |a Történettudomány és régészet 
695 |a Egyháztörténet - katolikus 
856 4 0 |u http://acta.bibl.u-szeged.hu/30644/1/juridpol_075_199-221.pdf  |z Dokumentum-elérés